Regionálny rozvoj a jeho plánovanie v SR po roku 2020
Región ako základný pojem. Základné dokumenty regionálneho rozvoja - Národný rozvojový plán (NDP), Regionálny operačný program (ROP), Sektorový operačný program (SOP), Program hospodárskeho rozvoja a sociálneho rozvoja samosprávneho kraja, Program hospodárskeho rozvoja a sociálneho rozvoja obce. Víz...
Salvato in:
| Autore principale: | |
|---|---|
| Natura: | Capitolo di libro |
| Lingua: | slovacco |
| Soggetti: | |
| Tags: |
Nessun Tag, puoi essere il primo ad aggiungerne!!
|
MARC
| LEADER | 00000naa a2200000 4500 | ||
|---|---|---|---|
| 001 | 0282670 | ||
| 005 | 20240417075158.7 | ||
| 041 | 0 | |a slo | |
| 044 | |a SK | ||
| 245 | 1 | 0 | |a Regionálny rozvoj a jeho plánovanie v SR po roku 2020 |c Silvia Vadkertiová |
| 520 | |a Región ako základný pojem. Základné dokumenty regionálneho rozvoja - Národný rozvojový plán (NDP), Regionálny operačný program (ROP), Sektorový operačný program (SOP), Program hospodárskeho rozvoja a sociálneho rozvoja samosprávneho kraja, Program hospodárskeho rozvoja a sociálneho rozvoja obce. Vízia ako východisko stratégie rozvoja Slovenska do roku 2030. Málo rozvinuté regióny ako jeden z najzložitejších sociálnych a ekonomických problémov spojených s transformáciou. Plán obnovy Európy po pandémii COVID-19 a systémový prístup k riešeniu dopadov koronakrízy. | ||
| 610 | 2 | 0 | |a rozvoj regionálny |
| 610 | 2 | 0 | |a rozvoj hospodársky |
| 610 | 2 | 0 | |a regióny |
| 610 | 2 | 0 | |a plánovanie regionálne |
| 610 | 2 | 0 | |a investície |
| 610 | 2 | 0 | |a pandémia |
| 610 | 2 | 0 | |a Slovensko |
| 100 | 1 | |a Vadkertiová, Silvia | |